Small-scale plasma processes in the solar chromosphere/ corona, interplanetary medium and planetary magnetospheres (Record no. 9452)

MARC details
000 -LEADER
fixed length control field 01135nam a2200241Ia 4500
003 - CONTROL NUMBER IDENTIFIER
control field IN-BaIIA
008 - FIXED-LENGTH DATA ELEMENTS--GENERAL INFORMATION
fixed length control field 211028s9999 xx 000 0 eng d
020 ## - INTERNATIONAL STANDARD BOOK NUMBER
International Standard Book Number 0379-6566 (ISSN)
040 ## - CATALOGING SOURCE
Transcribing agency IIA Library
080 ## - UNIVERSAL DECIMAL CLASSIFICATION NUMBER
Universal Decimal Classification number 52-726(082.2)
Item number ESA
111 ## - MAIN ENTRY--MEETING NAME
Meeting name or jurisdiction name as entry element ESLAB Symsposium on Small-Scale Plasma Processes in the Solar Chromosphere/ Corona, Interplanetary Medium and Planetary Magnetospheres
Number of part/section/meeting 21nd
Location of meeting Bolkesjo Norway
Date of meeting or treaty signing 1987 June 22-25
9 (RLIN) 15899
245 #0 - TITLE STATEMENT
Title Small-scale plasma processes in the solar chromosphere/ corona, interplanetary medium and planetary magnetospheres
Remainder of title proceedings of 21st ESLAB symsposium on small-scale plasma processes in the solar chromosphere/ corona, interplanetary medium and planetary magnetospheres, Bolkesjo Norway, 22-25, June 1987
Statement of responsibility, etc. edited by B. Battrick and E. J. Rolfe
260 ## - PUBLICATION, DISTRIBUTION, ETC.
Place of publication, distribution, etc. France
Name of publisher, distributor, etc. European Space Agency
Date of publication, distribution, etc. 1987
490 ## - SERIES STATEMENT
Series statement ESA SP-275
650 ## - SUBJECT ADDED ENTRY--TOPICAL TERM
Topical term or geographic name entry element Astronomy and astrophysics thesaurus
650 ## - SUBJECT ADDED ENTRY--TOPICAL TERM
Topical term or geographic name entry element Plasmas
9 (RLIN) 1898
650 ## - SUBJECT ADDED ENTRY--TOPICAL TERM
Topical term or geographic name entry element Solar chromosphere
9 (RLIN) 3973
650 ## - SUBJECT ADDED ENTRY--TOPICAL TERM
Topical term or geographic name entry element Solar corona
650 ## - SUBJECT ADDED ENTRY--TOPICAL TERM
Topical term or geographic name entry element Sun
9 (RLIN) 1200
700 ## - ADDED ENTRY--PERSONAL NAME
Personal name Battrick, B., ed.
9 (RLIN) 11567
700 ## - ADDED ENTRY--PERSONAL NAME
Personal name Rolfe, E. J., ed.
942 ## - ADDED ENTRY ELEMENTS (KOHA)
Koha item type Books
Holdings
Withdrawn status Lost status Damaged status Not for loan Home library Current library Shelving location Date acquired Total Checkouts Full call number Barcode Date last seen Price effective from Koha item type
        IIA Library-Bangalore IIA Library-Bangalore General Stacks     52-726(082.2)/ ESA 10362 05/11/2021   Books

Powered by Koha